000 00622nam a22001817a 4500
005 2009091405575.0
008 090914t xxu||||| |||| 00| 0 eng d
080 _a658.3.001.85
_bPFE
100 _aPfeiffer, J. William
_94137
245 _aReference guide to handbooks and animals
250 _a2nd ed.
300 _aviii, 133 p.
490 _a( human relations training series)
700 _aJones, John E.
_94139
942 _cREF
260 _aCalifornia
_bUniversity Associates
_c1977
_94138
952 _w2009-09-14
_p00015246
_r2009-09-14
_40
_00
_bUL
_10
_o658.3.001.85 PFE
_d2009-09-14
_70
_2udc
_yREF
_aUL
999 _c3487
_d3487